Statistics for Every Main Line Pokémon Game + Region

Click here to take the quiz!

General Stats

  • This quiz has been taken 12 times
    (7 since last reset)
  • The average score is 45 of 47

Answer Stats

HintAnswerRegion% Correct
Alola
100%
Galar
100%
Hoenn
100%
Johto
100%
Kalos?
100%
Kalos
100%
Kanto
100%
Gen 6Pokémon Alpha SapphireHoenn
100%
Gen 5Pokémon BlackUnova
100%
Gen 5Pokémon Black 2Unova
100%
Gen 1Pokémon BlueKanto
100%
Gen 2Pokémon CrystalJohto
100%
Gen 4Pokémon DiamondSinnoh
100%
Gen 3Pokémon EmeraldHoenn
100%
Gen 3Pokémon FireRedKanto
100%
Gen 2Pokémon GoldJohto
100%
Gen 4Pokémon HeartGoldJohto
100%
Gen 3Pokémon LeafGreenKanto
100%
Gen 7Pokémon MoonAlola
100%
Gen 6Pokémon Omega RubyHoenn
100%
Gen 4Pokémon PearlSinnoh
100%
Gen 4Pokémon PlatinumSinnoh
100%
Gen 1Pokémon RedKanto
100%
Gen 3Pokémon RubyHoenn
100%
Gen 3Pokémon SapphireHoenn
100%
Gen 8Pokémon ShieldGalar
100%
Gen 2Pokémon SilverJohto
100%
Gen 4Pokémon SoulSilverJohto
100%
Gen 7Pokémon SunAlola
100%
Gen 8Pokémon SwordGalar
100%
Gen 7Pokémon Ultra MoonAlola
100%
Gen 7Pokémon Ultra SunAlola
100%
Gen 5Pokémon WhiteUnova
100%
Gen 5Pokémon White 2Unova
100%
Gen 6Pokémon XKalos
100%
Gen 6Pokémon YKalos
100%
Gen 1Pokémon YellowKanto
100%
Sinnoh
100%
Unova
100%
Gen 8Pokémon Brilliant DiamondSinnoh
83%
Gen 8Pokémon Legends: ArceusHisui
83%
Gen 9Pokémon ScarletPaldea
83%
Gen 8Pokémon Shining PearlSinnoh
83%
Gen 9Pokémon VioletPaldea
83%
Hisui
67%
Paldea
67%
Gen 9Pokémon Legends: Z-AKalos?
67%

Score Distribution

Percentile by Number Answered

Percent of People with Each Score

Your Score History

You have not taken this quiz since the last reset